| 000 | 01201nam a2200277Ia 4500 | ||
|---|---|---|---|
| 999 |
_c4997 _d4997 |
||
| 003 | OSt | ||
| 005 | 20200420131309.0 | ||
| 008 | 191128s2003 ck gr 000 0dspa d | ||
| 020 | _a9586825175 | ||
| 040 |
_aCO-JMCR _cCO-JMCR |
||
| 041 | 0 | _aspa | |
| 082 | 0 | 4 |
_a303.485 / _bT877e |
| 100 | 1 |
_aTurriago Piñeros, Gabriel, _eautor _93253 |
|
| 245 | 1 | 0 |
_aEstudios de los procesos de reinserción en Colombia : _b1991-1998 / _cGabriel Turriago Piñeros, José María Bustamante Mora |
| 260 |
_aBogotá : _bAlfaomega, _c2003 |
||
| 300 |
_a52 páginas ; _c21 cm. |
||
| 490 | 0 | _aLibos de Cambio | |
| 500 | _aBibliografía: páginas 51-52. | ||
| 505 | _aLa reinserción durante el período Betancur -- La administración Barco Vargas (1986-1990) -- La reinserción a la vida civil | ||
| 520 | _aSe puede pensar que parte de la comunidad en nuestra historia de conflictos violentos, está en que ensalzamos los hechos épicos sin detenernos a observar cómo puede ser posible la reconciliación posterior. | ||
| 650 | 1 | 4 |
_aLuchas sociales _93254 |
| 650 | 2 | 4 |
_aConflicto armado _93255 |
| 650 | 2 | 4 |
_aPaz _xNegociaciones _93256 |
| 700 | 1 |
_aJosé María Bustamante Mora, _dautor _93257 |
|
| 942 |
_2ddc _cBK |
||